Capital cities by continent - Statistics

General Stats
  • This quiz has been taken 18 times
  • The average score is 40 of 45
Answer Stats
Question Tile Select % Correct
South American capitals Belo Horizonte No
100%
European capitals Birmingham No
100%
South American capitals Buenos Aires Yes
100%
South American capitals Cali No
100%
European capitals Madrid Yes
100%
North American capitals Miami No
100%
North American capitals New York No
100%
North American capitals Ottawa Yes
100%
South American capitals Porto Alegre No
100%
European capitals Split No
100%
Asian capitals Surabaya No
100%
Asian capitals Tashkent Yes
100%
Asian capitals Tokyo Yes
100%
North American capitals Toronto No
100%
North American capitals Vancouver No
100%
North American capitals Washington, D.C. Yes
100%
African capitals Alexandria No
93%
South American capitals Asunción Yes
93%
European capitals Bratislava Yes
93%
Asian capitals Chennai No
93%
Asian capitals Dhaka Yes
93%
European capitals Geneva No
93%
European capitals Hamburg No
93%
European capitals Oslo Yes
93%
South American capitals Quito Yes
93%
South American capitals Rosario No
93%
Asian capitals Yangon No
93%
African capitals Durban No
87%
North American capitals Guadelajara No
87%
African capitals Kinshasha Yes
87%
European capitals Krakow No
87%
African capitals Lomé Yes
87%
South American capitals Paramaribo Yes
87%
South American capitals Sao Paulo No
87%
North American capitals Havana Yes
80%
Asian capitals Istanbul No
80%
Asian capitals Karachi No
80%
European capitals Podgorica Yes
80%
African capitals Dar es Salaam No
73%
African capitals Luanda Yes
73%
North American capitals Belmopan Yes
67%
African capitals Lagos No
67%
African capitals Libreville Yes
67%
African capitals Windhoek Yes
67%
Asian capitals Dili Yes
60%
No matching quizzes found
Score Distribution
Percent of People with Each Score
Percentile by Number Answered
Your Score History
You have not taken this quiz